<?xml version="1.0" encoding="UTF-8"?>
<collection xmlns="http://www.loc.gov/MARC21/slim">
<record>
  <controlfield tag="001">101562</controlfield>
  <controlfield tag="005">20240319080947.0</controlfield>
  <datafield tag="024" ind1="7" ind2=" ">
    <subfield code="2">doi</subfield>
    <subfield code="a">10.26754/ojs_tropelias/tropelias.201523999</subfield>
  </datafield>
  <datafield tag="024" ind1="8" ind2=" ">
    <subfield code="2">sideral</subfield>
    <subfield code="a">123923</subfield>
  </datafield>
  <datafield tag="037" ind1=" " ind2=" ">
    <subfield code="a">ART-2015-123923</subfield>
  </datafield>
  <datafield tag="041" ind1=" " ind2=" ">
    <subfield code="a">spa</subfield>
  </datafield>
  <datafield tag="100" ind1=" " ind2=" ">
    <subfield code="a">Luengo Gascón, Elvira</subfield>
    <subfield code="u">Universidad de Zaragoza</subfield>
    <subfield code="0">(orcid)0000-0003-3362-5368</subfield>
  </datafield>
  <datafield tag="245" ind1=" " ind2=" ">
    <subfield code="a">Érase, es y será... Aprender a ser en las enciclopedias para niños</subfield>
  </datafield>
  <datafield tag="260" ind1=" " ind2=" ">
    <subfield code="c">2015</subfield>
  </datafield>
  <datafield tag="506" ind1="0" ind2=" ">
    <subfield code="a">Access copy available to the general public</subfield>
    <subfield code="f">Unrestricted</subfield>
  </datafield>
  <datafield tag="520" ind1="3" ind2=" ">
    <subfield code="a">Dar a conocer destacadas enciclopedias de literatura para niños y adolescentes en diferentes países europeos y la vinculación que  se origina entre  ellas, consolida nuestro propósito en este artículo.  Son obras publicadas en lengua inglesa, italiana y española para educar a un público infantil que atraviesa momentos históricos, ideologías e intereses políticos diversos. L’Enciclopedia dei ragazzi (1922)  italiana, nace como traducción y adaptación de la Encyclopedia of Children’s inglesa.  La Scala D’oro (1932) italiana, a su vez, es la fuente de  El libro de Oro de los niños. Un mundo maravilloso para la infancia (1943),  publicado en Méjico en español bajo la dirección literaria del escritor español Benjamín Jarnés, exiliado allí en 1939.

Se pone en juego, de esta manera,  una transferencia del saber enciclopédico destinado a la infancia para (de)construir a través de la enseñanza de la Literatura, del Arte y del Conocimiento humano una identidad ¿individual, nacional, transnacional, mundial? desde una polifonía de lenguas y de culturas.</subfield>
  </datafield>
  <datafield tag="540" ind1=" " ind2=" ">
    <subfield code="9">info:eu-repo/semantics/openAccess</subfield>
    <subfield code="a">by</subfield>
    <subfield code="u">http://creativecommons.org/licenses/by/3.0/es/</subfield>
  </datafield>
  <datafield tag="655" ind1=" " ind2="4">
    <subfield code="a">info:eu-repo/semantics/article</subfield>
    <subfield code="v">info:eu-repo/semantics/publishedVersion</subfield>
  </datafield>
  <datafield tag="710" ind1="2" ind2=" ">
    <subfield code="1">4006</subfield>
    <subfield code="2">195</subfield>
    <subfield code="a">Universidad de Zaragoza</subfield>
    <subfield code="b">Dpto. Didác.Leng.y CC.HH.y SS.</subfield>
    <subfield code="c">Área Didáctica Lengua y Liter.</subfield>
  </datafield>
  <datafield tag="773" ind1=" " ind2=" ">
    <subfield code="g">23 (2015), 90-110</subfield>
    <subfield code="p">Tropelías (Zaragoza)</subfield>
    <subfield code="t">Tropelías (Zaragoza)</subfield>
    <subfield code="x">1132-2373</subfield>
  </datafield>
  <datafield tag="856" ind1="4" ind2=" ">
    <subfield code="s">1110654</subfield>
    <subfield code="u">http://zaguan.unizar.es/record/101562/files/texto_completo.pdf</subfield>
    <subfield code="y">Versión publicada</subfield>
  </datafield>
  <datafield tag="856" ind1="4" ind2=" ">
    <subfield code="s">1933850</subfield>
    <subfield code="u">http://zaguan.unizar.es/record/101562/files/texto_completo.jpg?subformat=icon</subfield>
    <subfield code="x">icon</subfield>
    <subfield code="y">Versión publicada</subfield>
  </datafield>
  <datafield tag="909" ind1="C" ind2="O">
    <subfield code="o">oai:zaguan.unizar.es:101562</subfield>
    <subfield code="p">articulos</subfield>
    <subfield code="p">driver</subfield>
  </datafield>
  <datafield tag="951" ind1=" " ind2=" ">
    <subfield code="a">2024-03-18-12:40:02</subfield>
  </datafield>
  <datafield tag="980" ind1=" " ind2=" ">
    <subfield code="a">ARTICLE</subfield>
  </datafield>
</record>
</collection>